How to worship Jesus Christ / (Record no. 4740)

MARC details
000 -LEADER
fixed length control field 00942cam a2200313Ia 4500
001 - CONTROL NUMBER
control field 453287
003 - CONTROL NUMBER IDENTIFIER
control field GBCCL
005 - DATE AND TIME OF LATEST TRANSACTION
control field 20241126110525.0
008 - FIXED-LENGTH DATA ELEMENTS--GENERAL INFORMATION
fixed length control field 850314s1984 scu 000 0 eng d
035 ## - SYSTEM CONTROL NUMBER
System control number (OCoLC)ocm11803077
035 ## - SYSTEM CONTROL NUMBER
System control number (OCoLC)11803077
040 ## - CATALOGING SOURCE
Original cataloging agency SBI
Language of cataloging eng
Transcribing agency SBI
Modifying agency PBE
-- OCLCQ
-- OCLCF
-- OCLCQ
-- OCLCO
-- LBB
049 ## -
-- LBBA
050 #4 -
-- BV10.2
-- .C28 1984
082 04 - DEWEY DECIMAL CLASSIFICATION NUMBER
Classification number 248.3
Item number CAR
090 ## - LOCALLY ASSIGNED LC-TYPE CALL NUMBER (OCLC); LOCAL CALL NUMBER (RLIN)
Classification number (OCLC) (R) ; Classification number, CALL (RLIN) (NR) BV10.2
Local cutter number (OCLC) ; Book number/undivided call number, CALL (RLIN) .C28 1984
100 1# - MAIN ENTRY--PERSONAL NAME
Personal name Carroll, Joseph S.
9 (RLIN) 8658
245 10 - TITLE STATEMENT
Title How to worship Jesus Christ /
Statement of responsibility, etc. Joseph S. Carroll.
260 ## - PUBLICATION, DISTRIBUTION, ETC.
Place of publication, distribution, etc. [Greenville, SC] :
Name of publisher, distributor, etc. Great Commission,
Date of publication, distribution, etc. 1984.
300 ## - PHYSICAL DESCRIPTION
Extent x, 99 pages ;
Dimensions 22 cm
336 ## - CONTENT TYPE
Content type term text
Content type code txt
Source rdacontent
337 ## - MEDIA TYPE
Media type term unmediated
Media type code n
Source rdamedia
338 ## - CARRIER TYPE
Carrier type term volume
Carrier type code nc
Source rdacarrier
650 #0 - SUBJECT ADDED ENTRY--TOPICAL TERM
Topical term or geographic name entry element Worship.
9 (RLIN) 444
650 #0 - SUBJECT ADDED ENTRY--TOPICAL TERM
Topical term or geographic name entry element Prayer.
9 (RLIN) 332
650 #7 - SUBJECT ADDED ENTRY--TOPICAL TERM
Topical term or geographic name entry element Prayer.
Source of heading or term fast
Authority record control number or standard number (OCoLC)fst01074680
9 (RLIN) 332
650 #7 - SUBJECT ADDED ENTRY--TOPICAL TERM
Topical term or geographic name entry element Worship.
Source of heading or term fast
Authority record control number or standard number (OCoLC)fst01181450
9 (RLIN) 444
942 ## - ADDED ENTRY ELEMENTS (KOHA)
Source of classification or shelving scheme Dewey Decimal Classification
Koha item type Books
Koha issues (borrowed), all copies 7
Holdings
Withdrawn status Lost status Source of classification or shelving scheme Damaged status Not for loan Home library Current Library Shelving location Date acquired Total checkouts Total renewals Full call number Barcode Date last seen Date last checked out Copy number Price effective from Koha item type
    Dewey Decimal Classification     GRACE BIBLE COLLEGE GRACE BIBLE COLLEGE Ministry & Mission 2018-02-02 7 2 248.3 CAR 008058 2025-05-01 2022-08-12 c.1 2018-02-02 Books
© Grace Bible College Library 2025